Polyvinylpyrrolidone Excipients for Pharmaceuticals Povidone, Crospovidone and Copovidone /

The book describes the properties, analytical methods and the applications of different polyvinylpyrrolidone excipients (povidone, crospovidone, copovidone etc.) for use in pharmaceutical preparations. This group of excipients is one of the most important excipients used in modern technology to prod...

Full description

Bibliographic Details
Main Author: Bühler, Volker (Author)
Corporate Author: SpringerLink (Online service)
Format: Electronic eBook
Language:English
Published: Berlin, Heidelberg : Springer Berlin Heidelberg, 2005.
Subjects:
Online Access:Full Text via HEAL-Link
LEADER 02225nam a22004455i 4500
001 978-3-540-27090-4
003 DE-He213
005 20151204191604.0
007 cr nn 008mamaa
008 100301s2005 gw | s |||| 0|eng d
020 |a 9783540270904  |9 978-3-540-27090-4 
024 7 |a 10.1007/b138598  |2 doi 
040 |d GrThAP 
050 4 |a RS1-441 
072 7 |a MQP  |2 bicssc 
072 7 |a MED072000  |2 bisacsh 
082 0 4 |a 615.1  |2 23 
100 1 |a Bühler, Volker.  |e author. 
245 1 0 |a Polyvinylpyrrolidone Excipients for Pharmaceuticals  |h [electronic resource] :  |b Povidone, Crospovidone and Copovidone /  |c by Volker Bühler. 
264 1 |a Berlin, Heidelberg :  |b Springer Berlin Heidelberg,  |c 2005. 
300 |a VII, 254 p.  |b online resource. 
336 |a text  |b txt  |2 rdacontent 
337 |a computer  |b c  |2 rdamedia 
338 |a online resource  |b cr  |2 rdacarrier 
347 |a text file  |b PDF  |2 rda 
505 0 |a General notes on synthesis -- Soluble polyvinylpyrrolidone (Povidone) -- Insoluble polyvinylpyrrolidone (Crospovidone) -- Vinylpyrrolidone-vinyl acetate copolymer (Copovidone) -- Registration and toxicological data -- Literature references. 
520 |a The book describes the properties, analytical methods and the applications of different polyvinylpyrrolidone excipients (povidone, crospovidone, copovidone etc.) for use in pharmaceutical preparations. This group of excipients is one of the most important excipients used in modern technology to produce drugs. The book is intended for all persons working in the research, development and quality control of drugs. It gives a survey of all applications in solid, liquid and semisolid dosage forms including many drug formulation examples and more than 600 references to the literature. 
650 0 |a Pharmacy. 
650 0 |a Analytical chemistry. 
650 0 |a Polymers. 
650 1 4 |a Pharmacy. 
650 2 4 |a Pharmacy. 
650 2 4 |a Polymer Sciences. 
650 2 4 |a Analytical Chemistry. 
710 2 |a SpringerLink (Online service) 
773 0 |t Springer eBooks 
776 0 8 |i Printed edition:  |z 9783540234128 
856 4 0 |u http://dx.doi.org/10.1007/b138598  |z Full Text via HEAL-Link 
912 |a ZDB-2-SME 
950 |a Medicine (Springer-11650)